La utopía posible : (Registro nro. 160159)
[ vista simple ]
| 000 -LEADER | |
|---|---|
| fixed length control field | 00694nam a2200169 4500 |
| 005 - DATE AND TIME OF LATEST TRANSACTION | |
| control field | 20220203131108.0 |
| 008 - FIXED-LENGTH DATA ELEMENTS--GENERAL INFORMATION | |
| fixed length control field | 220203b mx ||||| |||| 00| 0 spa d |
| 020 ## - INTERNATIONAL STANDARD BOOK NUMBER | |
| International Standard Book Number | 9786077957089 |
| 050 04 - LIBRARY OF CONGRESS CALL NUMBER | |
| Classification number | F1236.7 |
| Item number | B36 2011 |
| 245 13 - TITLE STATEMENT | |
| Title | La utopía posible : |
| Remainder of title | México en vilo : de la crisis del autoritarismo a la crisis de la democracia (2000-2008 |
| Statement of responsibility, etc | / Armando Bartra |
| 250 ## - EDITION STATEMENT | |
| Edition statement | 1a ed. |
| 260 ## - PUBLICATION, DISTRIBUTION, ETC. (IMPRINT) | |
| Place of publication, distribution, etc | México, D.F. : |
| Name of publisher, distributor, etc | Jornada Ediciones : Editorial Itaca, |
| Date of publication, distribution, etc | 2011. |
| 650 #7 - SUBJECT ADDED ENTRY--TOPICAL TERM | |
| Source of heading or term | Lemb |
| Topical term or geographic name as entry element | Autoritarismo |
| General subdivision | Historia |
| Chronological subdivision | Siglo XXI |
| Geographic subdivision | Ciudad de México |
| 650 #7 - SUBJECT ADDED ENTRY--TOPICAL TERM | |
| Source of heading or term | Lemb |
| Topical term or geographic name as entry element | Democracia |
| General subdivision | Historia |
| Chronological subdivision | Siglo XXI |
| Geographic subdivision | Ciudad de México |
| 651 #7 - SUBJECT ADDED ENTRY--GEOGRAPHIC NAME | |
| Source of heading or term | Lemb |
| Geographic name | México |
| General subdivision | Política y gobierno |
| Chronological subdivision | 2000 |
| 942 ## - ADDED ENTRY ELEMENTS (KOHA) | |
| Source of classification or shelving scheme | Biblioteca del Cogreso de los Estados Unidos |
| Koha item type | Libro |
| Estado de pérdida | Fuente de clasificación | Estado del daño | No para préstamo | Ubicación permanente | Ubicación actual | Apartado o colección | Fecha de adquisición | Edición | Área del conocimiento | Clasificación | Código de Barras | Date last seen | Número de copia | Costo por reposición | Tipo de recurso |
|---|---|---|---|---|---|---|---|---|---|---|---|---|---|---|---|
| Biblioteca del Cogreso de los Estados Unidos | Biblioteca del Instituto de Investigaciones Históricas | Biblioteca del Instituto de Investigaciones Históricas | General | 03/02/2022 | 1a ed. | Educación y Humanidades | F1236.7 B36 2011 | IIH000031783 | 03/02/2022 | C:1 | 1.00 | Libro |